00374nam a2200169Ia 4500003000400000005001700004008004100021020001800062040000700080041000800087082001600095100002100111245002300132260002000155300000900175650002000184OSt20251016141757.0250729s2006 xx 000 0 und d a9788171418862 cAL aeng a370.78 BHAW aBhaskaracharyalu aWorker's education aNew Delhic2006 a135p aWomen Education